|
|
|
|
| LEADER |
00000nab a2200000 a 4500 |
| 001 |
vtls000722354 |
| 003 |
SK-MaSNL |
| 005 |
20260304114724.0 |
| 008 |
250429c2000 xo 0 slo |
| 015 |
|
|
|a SNBRB2000/05-13833
|
| 035 |
|
|
|a CLN000074521
|
| 035 |
|
|
|a urn:nbn:sk:snk-ab6o90
|
| 035 |
|
|
|a (uuid)5472f742-37e6-451d-9b18-db99aab1bf3f
|
| 035 |
|
|
|a (urnnbn)urn:nbn:sk:snk:ar-005obn
|
| 035 |
|
|
|a (sysno)vtls000722354
|
| 040 |
|
|
|a SNKBUCL
|b slo
|c SNKBUCL
|e AACR2
|
| 041 |
0 |
|
|a slo
|
| 044 |
|
|
|a xo
|c SK
|
| 080 |
|
|
|a 621.791-051
|2 1997
|
| 080 |
|
|
|a 669.017-051
|2 1997
|
| 080 |
|
|
|a 37-051
|2 1997
|
| 080 |
|
|
|a 929 Čabelka, Jozef
|2 1997
|
| 245 |
0 |
0 |
|a Pripomíname si nedožité deväťdesiatiny profesora Jozefa Čabelku
|c Redakcia
|
| 600 |
1 |
7 |
|a Čabelka, Jozef,
|d 1910-1987
|2 snkbucl
|9 37264
|
| 655 |
|
7 |
|a články z novín a časopisov
|2 snkbucl
|9 267496
|
| 773 |
0 |
|
|t Zváranie
|g Roč. 49, č. 2 (2000), s. 45
|x 0044-5525
|
| 850 |
|
|
|a Slovenská národná knižnica
|
| 852 |
|
|
|a Slovenská národná knižnica
|
| 954 |
|
|
|a odborná, vedecká literatúra pôvodná (slovenská)
|2 lita
|
| 958 |
|
|
|a article
|
| 958 |
|
|
|a OND
|
| 958 |
|
|
|a SK
|
| 958 |
|
|
|a BX
|
| 958 |
|
|
|a EUIPO
|
| 992 |
|
|
|a RBX
|
| 999 |
|
|
|c 2873708
|d 2875638
|